000 00401nam a22001577a 4500
999 _c3834
_d3834
008 200703b ||||| |||| 00| 0 eng d
082 0 0 _a620.106
_bS9153
100 _93169
_aStreeter,Victor L.
245 1 0 _aFluid mechanics
_cby Victor L. Streeter
250 _a2nd ed.
260 _aNew-York
_bMcGraw-Hill
_c1958
300 _aviii,484p.
365 _d33.75
650 0 _aFluid Mechanics
942 _cBK